| 000 | 00562nam a2200133Ia 4500 | ||
|---|---|---|---|
| 008 | 160809s9999 xx 000 0 und d | ||
| 100 | _aStetter, Maria Earman. | ||
| 245 | _aCOMPUTER ASSISTED INSTRUCTION TO PROMOTE COMPREHENSION IN STUDENTS WITH LEARNING DISABILITIES | ||
| 245 | _cMaria Earman Stetter, Marie Tejero Hughes Roosevelt University, University of Illinois at Chicago. | ||
| 260 | _bInternational Journal of Special Education | ||
| 260 | _c2011 | ||
| 650 | _xSPECIAL EDUCATION | ||
| 856 | _uhttp://www.internationaljournalofspecialed.com/issues.php | ||
| 999 |
_c300466 _d300466 |
||